Exploring the second language mental lexicon / (رقم التسجيلة. 29837)
[ عرض عادي ]
| 000 -الفاتح | |
|---|---|
| حقل البيانات ثابتة الطول | 01262cam a2200325 a 4500 |
| 001 - رقم الضبط | |
| رقم الضبط | 2160562 |
| 003 - محدد رقم الضبط | |
| رقم الضبط | OSt |
| 005 - وقت وتاريخ اخر تعامل مع التسجيلة | |
| رقم الضبط | 20150408114132.0 |
| 008 - عناصر البيانات ثابتة الطول - معلومات عامة | |
| حقل البيانات ثابتة الطول | 990520s1999 enk b 001 0 eng |
| 010 ## - رقم ضبط مكتبة الكونجرس | |
| رقم ضبط مكتبة الكونجرس | 99208709 |
| 020 ## - الرقم الدولى المعيارى للكتب | |
| الرقم الدولى المعيارى للكتاب | 0521555345 (pbk.) |
| 035 ## - رقم ضبط النظام | |
| رقم ضبط النظام | (DLC) 99208709 |
| 040 ## - مصدر الفهرسة | |
| وكالة الفهرسة الأصلية | DLC |
| وكالة النسخ | DLC |
| وكالة التعديل | DLC |
| 050 00 - رقم طلب مكتبة الكونجرس | |
| رقم التصنيف | P118.2 |
| رقم المادة | .S556 1999 |
| 082 00 - رقم تصنيف ديوى العشرى | |
| رقم التصنيف | 401.93 SDE |
| رقم الطبعة | 21 |
| 100 1# - المدخل الرئيسى - إسم شخصى | |
| الإسم الشخصى | Singleton, D. M. |
| الشكل الأكمل للاسم | (David Michael) |
| 9 (RLIN) | 35572 |
| 245 10 - بيان العنوان | |
| العنوان | Exploring the second language mental lexicon / |
| بيان المسئوليه,etc | David Singleton. |
| 260 ## - PUBLICATION, DISTRIBUTION, ETC. (IMPRINT) | |
| مكان الناشر او الموزع | Cambridge ; |
| -- | New York : |
| اسم الناشر او الموزع | Cambridge University Press, |
| تاريخ النشر أو التوزيع | 1999. |
| 300 ## - الوصف المادى | |
| التعداد | xviii, 341 p. ; |
| أبعاد الوعاء | 23 cm. |
| 440 #0 - بيان السلسلة/مدخل إضافى-العنوان | |
| العنوان | Cambridge applied linguistics series |
| 504 ## - تبصرة ببليوجرافية | |
| تبصرة ببليوجرافية,الخ | Includes bibliographical references (p. [280]-327) and index. |
| 650 #0 - المدخل الاضافى بالموضوع-مصطلح موضوعى | |
| مصطلح موضوعي أو اسم جغرافي كعنصر مدخل | Second language acquisition. |
| 650 #0 - المدخل الاضافى بالموضوع-مصطلح موضوعى | |
| مصطلح موضوعي أو اسم جغرافي كعنصر مدخل | Lexicology |
| التقسيم الفرعي العام | Psychological aspects. |
| 9 (RLIN) | 35573 |
| 650 #0 - المدخل الاضافى بالموضوع-مصطلح موضوعى | |
| مصطلح موضوعي أو اسم جغرافي كعنصر مدخل | Psycholinguistics. |
| 9 (RLIN) | 8211 |
| 856 42 - الوصول و الموقع الالكترونى | |
| مواد محددة | Publisher description |
| معرف المصدر الموحد | <a href="http://www.loc.gov/catdir/description/cam0210/99208709.html">http://www.loc.gov/catdir/description/cam0210/99208709.html</a> |
| 856 41 - الوصول و الموقع الالكترونى | |
| مواد محددة | Table of contents |
| معرف المصدر الموحد | <a href="http://www.loc.gov/catdir/toc/cam026/99208709.html">http://www.loc.gov/catdir/toc/cam026/99208709.html</a> |
| 906 ## - عنصر بيانات محلى F, LDF (RLIN) | |
| a | 7 |
| b | cbc |
| c | orignew |
| d | 2 |
| e | ncip |
| f | 19 |
| g | y-gencatlg |
| 942 ## - عناصر المدخل الإضافي( كوها) | |
| مصدر التصنيف او مخطط الترفيف | Dewey Decimal Classification |
| Koha [default] item type | كتاب |
| حالة الفقد | نموذج السعر الفعال | حالة تلف | ليس للاعارة | رقم الطلب | رقم النسخة | تاريخ الاكتساب | الموقع الحالي | الباركود | الفرع الرئيسي | Date last seen | نوع المادة فى نظام كوها | مصدر التصنيف او خطة الترفيف | Total Checkouts |
|---|---|---|---|---|---|---|---|---|---|---|---|---|---|
| 2013-04-25 | Not For Loan | 401.93 SDE | 1 | 2013-04-25 | المكتبة المركزية بالمجمعة (CL) | 00305748 | المكتبة المركزية بالمجمعة (CL) | 2013-04-25 | كتاب | Dewey Decimal Classification | |||
| 2013-04-25 | 401.93 SDE | 2 | 2013-04-25 | المكتبة المركزية بالمجمعة (CL) | 00305749 | المكتبة المركزية بالمجمعة (CL) | 2013-04-25 | كتاب | Dewey Decimal Classification | ||||
| 2013-04-25 | 401.93 SDE | 3 | 2013-04-25 | المكتبة المركزية بالمجمعة (CL) | 00305750 | المكتبة المركزية بالمجمعة (CL) | 2013-04-25 | كتاب | Dewey Decimal Classification |
